000 00348nam a2200133Ia 4500
008 220803s9999 xx 000 0 und d
020 _a9788195420605
041 _aeng
082 _a720.95. M
100 _aMahesh N
_927538
245 _aMahesh Architecture .-9788195420605
260 _a Trivandrum
_bCouncil Of Architecture
_c1976
300 _a252p
999 _c17590
_d17590